[Event "Trapiche Alagoano op 49th"]
[Site "Trapiche"]
[Date "2023.12.17"]
[Round "5"]
[White "Schetter, Clandio Luiz"]
[Black "Acioli, Luyse Victoria Gome"]
[Result "1/2-1/2"]
[WhiteElo "2027"]
[BlackElo "1832"]
[PlyCount "133"]
[EventDate "2023.12.15"]
[EventType "swiss"]
[EventRounds "6"]
[EventCountry "BRA"]
[SourceTitle "CB51_2023"]
[SourceDate "2023.12.20"]
[SourceVersion "1"]
[SourceVersionDate "2023.12.20"]
[SourceQuality "1"]

1. e4 c5 2. Nc3 Nc6 3. Bb5 e6 4. Bxc6 bxc6 5. d3 Qc7 6. f4 d6 7. Nf3 Nf6 8. 0-0 Be7 9. b3 0-0 10. Qe1 d5 11. Bd2 Ba6 12. e5 Ne8 13. Rf2 Qd7 14. Na4 Bb5 15. Nb2 d4 16. Nd1 Nc7 17. Re2 Nd5 18. Nf2 Rfe8 19. Ne4 f5 20. exf6 Nxf6 21. Neg5 Bd6 22. Qh4 h6 23. Ne4 Nxe4 24. Rxe4 Qe7 25. Qg4 Qf6 26. Rae1 Kf7 27. Qh5+ Kg8 28. Qg4 Kf7 29. Ne5+ Kg8 30. a4 Ba6 31. Nxc6 Bc8 32. Ne5 Bb7 33. R4e2 Bd5 34. Ng6 Kh7 35. Ne5 Re7 36. g3 Rae8 37. Bc1 Rc7 38. Rf1 Rf8 39. Nc4 Rd7 40. Nxd6 Rxd6 41. Re5 Qg6 42. Qh4 Qf6 43. Qg4 Qg6 44. Qe2 Rf5 45. Re1 Rd7 46. Qd2 h5 47. Rxf5 Qxf5 48. Re5 Qg4 49. Qf2 h4 50. Ba3 Rc7 51. Qe2 Qxe2 52. Rxe2 hxg3 53. hxg3 Kg6 54. Re5 Kf6 55. g4 Rc8 56. g5+ Ke7 57. Kh2 a5 58. Kg3 Kd6 59. g6 Rh8 60. Re2 Rh6 61. Rh2 Rxg6+ 62. Kf2 Rf6 63. Bc1 Kc6 64. Rh4 Rg6 65. Rh2 Rg4 66. Bd2 Kb6 67. Bc1 1/2-1/2

[Event "Trapiche Alagoano op 49th"]
[Site "Trapiche"]
[Date "2023.12.15"]
[Round "2"]
[White "Schetter, Clandio Luiz"]
[Black "Miranda Neto, Jayme Amorim"]
[Result "0-1"]
[WhiteElo "2027"]
[BlackElo "2183"]
[PlyCount "77"]
[EventDate "2023.12.15"]
[EventType "swiss"]
[EventRounds "6"]
[EventCountry "BRA"]
[SourceTitle "CB51_2023"]
[SourceDate "2023.12.20"]
[SourceVersion "1"]
[SourceVersionDate "2023.12.20"]
[SourceQuality "1"]

1. d4 Nf6 2. Nf3 e6 3. g3 c5 4. Bg2 d5 5. c4 Be7 6. 0-0 0-0 7. cxd5 Nxd5 8. dxc5 Bxc5 9. Qc2 Qb6 10. Nc3 Nxc3 11. Qxc3 Nc6 12. a3 a5 13. Rb1 Bd7 14. Ne5 Nxe5 15. Qxe5 Rac8 16. b4 axb4 17. axb4 Bd4 18. Qa5 Bc6 19. Qxb6 Bxb6 20. b5 Bxg2 21. Kxg2 Rfd8 22. Ba3 Rd2 23. Rfc1 Ra8 24. Rb2 Rd5 25. Rb3 h6 26. Rc2 Ra5 27. Rc8+ Kh7 28. Rb8 Rd7 29. Kf3 Ba7 30. Rc8 Rd5 31. b6 Bxb6 32. e3 Rdb5 33. Rcc3 Kg6 34. h3 e5 35. g4 h5 36. Bf8 hxg4+ 37. hxg4 Bd8 38. Kg3 Bf6 39. f4 0-1

[Event "Arapiraca Lopez Memorial 1st"]
[Site "Arapiraca"]
[Date "2016.??.??"]
[Round "1"]
[White "Da Silva, Michael Douglas Alv"]
[Black "Schetter, Clandio Luiz"]
[Result "0-1"]
[WhiteElo "1800"]
[BlackElo "1878"]
[PlyCount "68"]
[EventDate "2016.07.16"]
[EventType "swiss"]
[EventRounds "6"]
[EventCountry "BRA"]
[SourceTitle "EXT 2017"]
[Source "ChessBase"]
[SourceDate "2016.10.25"]
[SourceVersion "1"]
[SourceVersionDate "2016.10.25"]
[SourceQuality "1"]

1. e4 Nf6 2. Nc3 d5 3. e5 Ne4 4. Nxe4 dxe4 5. b3 Qd4 6. c3 Qxe5 7. d4 exd3+ 8. Kd2 Qf4+ 9. Ke1 Qe4+ 10. Be3 Bf5 11. Bxd3 Qxd3 12. Qxd3 Bxd3 13. Rd1 Be4 14. Kf1 Nd7 15. Ne2 0-0-0 16. Ng3 Bg6 17. Bxa7 b6 18. Ke2 Kb7 19. Rd4 e5 20. Ra4 Nc5 21. Ra3 Na6 22. b4 Kxa7 23. Ra4 Kb7 24. h4 h5 25. Rh3 Bd3+ 26. Ke3 g6 27. Ne4 Bh6+ 28. Ng5 f6 29. f4 exf4+ 30. Kf2 fxg5 31. hxg5 Bxg5 32. Rh1 Bc4 33. b5 Bxb5 34. Rc4 Bxc4 0-1

[Event "Maceio Alagoano op"]
[Site "Maceio"]
[Date "2015.12.08"]
[Round "7"]
[White "De Souza, Gilberto Ferreira"]
[Black "Schetter, Clandio Luiz"]
[Result "1-0"]
[WhiteElo "2125"]
[BlackElo "1923"]
[PlyCount "117"]
[EventDate "2015.12.05"]
[EventType "swiss"]
[EventRounds "7"]
[EventCountry "BRA"]
[SourceTitle "CBM 170 Extra"]
[Source "ChessBase"]
[SourceDate "2016.02.25"]
[SourceVersion "1"]
[SourceVersionDate "2016.02.25"]
[SourceQuality "1"]

1. e4 Nf6 2. Nc3 d5 3. exd5 Nxd5 4. d3 g6 5. Bd2 Bg7 6. Nf3 Nxc3 7. Bxc3 Bxc3+ 8. bxc3 Bg4 9. Be2 Nd7 10. Qd2 0-0 11. 0-0 c6 12. Rfe1 Qc7 13. h3 Bxf3 14. Bxf3 Ne5 15. Be2 Rfd8 16. Qe3 e6 17. Qf4 Rac8 18. Qe3 b6 19. h4 h5 20. Bxh5 gxh5 21. Qxe5 Qxe5 22. Rxe5 Rd5 23. Rae1 Kg7 24. c4 Rxe5 25. Rxe5 Kg6 26. Rg5+ Kh6 27. Kf1 Rd8 28. Re5 c5 29. Ke2 Rd6 30. a4 f6 31. Re3 e5 32. f4 exf4 33. Re4 f5 34. Re7 a6 35. Kf3 Kg6 36. Kxf4 Kf6 37. Rb7 Rd4+ 38. Kf3 b5 39. cxb5 axb5 40. Rxb5 Rxa4 41. g3 c4 42. Rd5 Ra2 43. dxc4 Rxc2 44. Rc5 Rc3+ 45. Kf4 Kg6 46. Rc6+ Kg7 47. c5 Kf7 48. Kxf5 Rxg3 49. Rc7+ Ke8 50. Rh7 Re3 51. Rxh5 Kd7 52. Rh6 Kc7 53. Re6 Rc3 54. c6 Rg3 55. h5 Rg1 56. h6 Rh1 57. Kg6 Rg1+ 58. Kf7 Rh1 59. Kg7 1-0